Daily Country Riddle #70 - Statistics

General Stats
  • This quiz has been taken 194 times
  • The average score is 10 of 13
Answer Stats
Type Answer % Correct
Found Letter A
99%
Correctly Placed Letter A
90%
Found Letter A
88%
Found Letter I
88%
Correctly Placed Letter A
84%
Correctly Placed Letter I
83%
Found Letter L
77%
Found Letter T
64%
Found Letter V
59%
Correctly Placed Letter L
57%
Mystery Country Latvia
57%
Correctly Placed Letter T
57%
Correctly Placed Letter V
57%
No matching quizzes found
Score Distribution
Percent of People with Each Score
Percentile by Number Answered
Your Score History
You have not taken this quiz